| Tag |
First Indicator |
Second Indicator |
Subfields |
| LEADER |
00000cam a22000001i 4500 |
| 001 |
in00004368713 |
| 005 |
20220105170958.0 |
| 006 |
m |o d | |
| 007 |
cr |n||||||||| |
| 008 |
211108s2021 mau ob 001 0 eng d |
| 020 |
|
|
|a 9780262367257 (electronic bk.)
|
| 020 |
|
|
|a 0262367254 (electronic bk.)
|
| 020 |
|
|
|z 9780262046220
|
| 020 |
|
|
|z 0262046229
|
| 024 |
8 |
|
|a 40030805297
|
| 035 |
|
|
|a (NhCcYBP)EBSCO2742078
|
| 040 |
|
|
|a NhCcYBP
|c NhCcYBP
|d UtOrBLW
|
| 050 |
|
4 |
|a QA76.9.B45
|b C57 2021
|
| 082 |
0 |
4 |
|a 005.7
|2 23
|
| 100 |
1 |
|
|a Chun, Wendy Hui Kyong,
|d 1969-
|e author.
|0 http://id.loc.gov/authorities/names/no99077581
|
| 245 |
1 |
0 |
|a Discriminating data :
|b correlation, neighborhoods, and the new politics of recognition /
|c Wendy Hui Kyong Chun ; illustrations by Alex Barnett.
|
| 264 |
|
1 |
|a Cambridge, Massachusetts :
|b The MIT Press,
|c [2021]
|
| 300 |
|
|
|a 1 online resource.
|
| 336 |
|
|
|a text
|b txt
|2 rdacontent
|
| 337 |
|
|
|a computer
|b c
|2 rdamedia
|
| 338 |
|
|
|a online resource
|b cr
|2 rdacarrier
|
| 504 |
|
|
|a Includes bibliographical references and index.
|
| 505 |
0 |
|
|a Introduction : how to destroy the world, one solution at a time -- Red pill toxicity, or, Liberation envy -- Correlating eugenics -- The transgressive hypothesis -- Homophily, or, The swarming of the segregated neighborhood -- Proxies, or, reconstructing the unknown -- Algorithmic authenticity -- Correlating ideology, or, What lies at the surface -- Recognizing recognition -- The space between us -- Coda : living in/difference.
|
| 588 |
|
|
|a Description based on print version record.
|
| 500 |
|
|
|a Electronic resource.
|
| 650 |
|
0 |
|a Big data
|x Social aspects.
|
| 650 |
|
0 |
|a Artificial intelligence
|x Social aspects.
|0 http://id.loc.gov/authorities/subjects/sh2009115962
|
| 650 |
|
0 |
|a Privacy, Right of.
|0 http://id.loc.gov/authorities/subjects/sh85107029
|
| 655 |
|
7 |
|a Electronic books.
|2 local
|
| 700 |
1 |
|
|a Barnett, Alex,
|d 1972 December 7-
|e illustrator.
|0 http://id.loc.gov/authorities/names/n2012051180
|
| 710 |
2 |
|
|a EBSCOhost.
|
| 776 |
1 |
8 |
|c Original
|z 9780262046220
|z 0262046229
|w (DLC) 2021000481
|
| 856 |
4 |
0 |
|u http://proxy.library.tamu.edu/login?url=https://search.ebscohost.com/login.aspx?direct=true&scope=site&db=nlebk&db=nlabk&AN=2742078
|z Connect to the full text of this electronic book
|t 0
|
| 945 |
|
|
|b 85310
|
| 955 |
|
|
|a YBP purchased approval e-records
|
| 980 |
|
|
|b ebook
|c 40030805297
|f NONFIC/B
|g 565751
|k USD
|m 81.81
|q 1
|s AcqMono Conventional
|t Approval plan
|u Vendor order reference number
|v ZYBP
|y E-approvals
|z Electronic resource
|
| 987 |
|
|
|a ybp302513017
|
| 999 |
f |
f |
|s 86a9ff0d-10e9-3752-be5a-d44c4c160b37
|i a6906a99-daac-398a-b071-d7c26d69dbe5
|t 0
|
| 952 |
f |
f |
|a Texas A&M University
|b College Station
|c Electronic Resources
|d Available Online
|t 0
|e QA76.9.B45 C57 2021
|h Library of Congress classification
|
| 998 |
f |
f |
|a QA76.9.B45 C57 2021
|t 0
|l Available Online
|